| LEADER | 00916nam a2200289 4500 | ||
|---|---|---|---|
| 001 | 000008536 | ||
| 003 | 4726 | ||
| 005 | 20120314090323.0 | ||
| 008 | 111019s1978 viesd | ||
| 041 | 0 | |a vie | |
| 082 | |a 540 |b SE-G | ||
| 100 | 0 | |a G.Seaborg | |
| 245 | 0 | |a Những nguyên tố vũ trụ |c G.Seaborg,E.G.Valens | |
| 260 | |a H. |b Khoa học và kỹ thuật |c 1978 | ||
| 300 | |a 223tr. |c 20cm | ||
| 653 | |a Vũ trụ | ||
| 700 | |a Phạm Hoàng Ngọc |e Dịch | ||
| OWN | |a LSP | ||
| AVA | |a UDN50 |b LSP |d 540 SE-G |e available |t Error 5001 Not defined in file expand_doc_bib_avail. |f 6 |g 5 |h N |i 0 |k 1 | ||
| 999 | |a From the UDN01 | ||
| AVA | |a UDN50 |b LSP |d 540 SE-G |e available |t Error 5001 Not defined in file expand_doc_bib_avail. |f 6 |g 5 |h N |i 0 |k 1 | ||
| TYP | |a Monograph | ||
| TYP | |a Printed language | ||
| 980 | |a Mạng thư viện Đại học Đà Nẵng | ||